Campeche Quiz - Estadísticas

Estadísticas generales
  • Esta prueba ha sido intentada 3 veces
  • La puntuación promedio es 10 de 15
Estadísticas de respuestas
Hint Respuesta % Correcto
state capital Campeche
100%
It is the most famous archaeological zone in the state Calakmul
67%
second most populated city Carmen
67%
It not only borders with states, but also with... Guatemala and Belize
67%
famous gulf that is also shared by cuba and the united states gulf of Mexico
67%
"G" is a candy originally from here and Quintana Roo. Gum
67%
This chili was considered to originate from here Habañero pepper
67%
It's the largest lagoon in the state Laguna de terminos
67%
This liquid is also produced a lot Oil
67%
This oil company has its headquarters here PEMEX
67%
state with which it borders to the east Quintana Roo
67%
state with which it borders to the southwest Tabasco
67%
This language was a branch of the Mayan linguistic family the peninsular Maya
67%
state with which it borders to the northeast Yucatan
67%
women traditional costume hipil peninsular
33%
No se encontraron pruebas coincidentes
Distribución de puntuación
Porcentaje de gente con cada puntuación
Porcentaje por número respondido
Historial de tus puntuaciones
No has intentado esta prueba.